Diplomatic relations between the United States and Japan, 1895 - 1905
Đã lưu trong:
| 主要作者: | |
|---|---|
| 格式: | 圖書 |
| 語言: | Undetermined |
| 出版: |
Stanford University, Calif.,
Stanford university press;
1938
|
| 主題: | |
| 標簽: |
添加標簽
沒有標簽, 成為第一個標記此記錄!
|
| Thư viện lưu trữ: | Trung tâm Học liệu Trường Đại học Cần Thơ |
|---|
| LEADER | 00639nam a2200205Ia 4500 | ||
|---|---|---|---|
| 001 | CTU_109184 | ||
| 008 | 210402s9999 xx 000 0 und d | ||
| 082 | |a 327.730952 | ||
| 082 | |b T784 | ||
| 100 | |a Treat, Payson J. | ||
| 245 | 0 | |a Diplomatic relations between the United States and Japan, 1895 - 1905 | |
| 245 | 0 | |c Payson J. Treat | |
| 260 | |a Stanford University, Calif., | ||
| 260 | |b Stanford university press; | ||
| 260 | |c 1938 | ||
| 650 | |a Japan,United states | ||
| 650 | |x Foreign relations,Foreign relations | ||
| 650 | |z United states,Japan | ||
| 904 | |i Năm | ||
| 980 | |a Trung tâm Học liệu Trường Đại học Cần Thơ | ||